000171699 001__ 171699
000171699 005__ 20260601112334.0
000171699 037__ $$aTESIS-2026-070
000171699 041__ $$aspa
000171699 1001_ $$aVidao Teruel, Blanca Iris
000171699 24500 $$aEl impacto de la pandemia de COVID-19 en los Pirineos centrales: ¿Una oportunidad para la transición turística sostenible en los destinos de montaña europeos?
000171699 260__ $$aZaragoza$$bUniversidad de Zaragoza, Prensas de la Universidad$$c2026
000171699 300__ $$a13
000171699 4900_ $$aTesis de la Universidad de Zaragoza$$v2026-70$$x2254-7606
000171699 500__ $$aPresentado: 27 01 2026
000171699 502__ $$aTesis-Univ. Zaragoza, , 2026$$bZaragoza, Universidad de Zaragoza$$c2026
000171699 506__ $$aby-nc-nd$$bCreative Commons$$c3.0$$uhttp://creativecommons.org/licenses/by-nc-nd/3.0/es
000171699 520__ $$aTeniendo en cuenta el contexto de la crisis sanitaria y las características específicas del destino turístico antes, durante y después del periodo de la COVID-19, esta investigación pretende comprender los impactos sociales —socioculturales, socioeconómicos y socioecológicos— de la pandemia de COVID-19 en el sector turístico mundial y, en concreto, en el turismo en los Pirineos centrales a través de las ciencias sociales, vinculando las relaciones existentes entre el turismo de montaña y el turismo transfronterizo en el marco del desarrollo sostenible. Para ello, se utiliza la triangulación metodológica para analizar el fenómeno desde la perspectiva de la oferta y la demanda turística. Por último, se desarrollan una serie de propuestas dirigidas a la recuperación, la planificación y la gestión responsable del destino turístico. <br />
000171699 520__ $$a<br />
000171699 521__ $$97095$$aPrograma de Doctorado en Sociología de las Políticas Públicas y Sociales
000171699 540__ $$9info:eu-repo/semantics/openAccess
000171699 6531_ $$acovid-19
000171699 6531_ $$apirineos centrales
000171699 6531_ $$aturismo de montaña
000171699 6531_ $$aturismo transfronterizo
000171699 6531_ $$aimpactos sociales
000171699 6531_ $$adesarrollo sostenible
000171699 691__ $$a11 12 17
000171699 692__ $$aConseguir que las ciudades y los asentamientos humanos sean inclusivos, seguros, resilientes y sostenibles. Garantizar las pautas de consumo y de producción sostenibles. Fortalecer los medios de ejecución y reavivar la alianza mundial para el desarrollo sostenible.
000171699 700__ $$aIñiguez Berrozpe, Tatiana $$edir.
000171699 700__ $$aElboj Saso, Carmen María $$edir.
000171699 7102_ $$aUniversidad de Zaragoza$$b
000171699 830__ $$9507
000171699 8560_ $$fcdeurop@unizar.es
000171699 8564_ $$s676561$$uhttps://zaguan.unizar.es/record/171699/files/TESIS-2026-070.pdf$$zTexto completo (spa)
000171699 909CO $$ooai:zaguan.unizar.es:171699$$pdriver
000171699 909co $$ptesis
000171699 9102_ $$aCiencias Sociales y jurídicas$$b
000171699 980__ $$aTESIS